Sports Quiz

Random Sports or City Quiz
Score 0/11 Timer 05:00
0 Plays Today
Original City Curren Name % Correct
BaltimoreIndianapolis Colts
91.8%
HoustonTennessee Titans
86.3%
BostonNew England Patriots
79.1%
OaklandOakland Raiders
78.8%
ClevelandBaltimore Ravens
78.6%
ChicagoArizona Cardinals
62.8%
DallasKansas City Chiefs
62.6%
DecaturChicago Bears
52.6%
ClevelandSt. Louis Rams
44.4%
Los AngelesSan Diego Chargers
38.2%
BostonWashington Redskins
35.4%
Remove Ads.
Support Sporcle.
Get the best of Sporcle when you Go Orange. This ad-free experience offers more features, more stats, and more fun while also helping to support Sporcle. Thank you for becoming a member.

You're not logged in!

Compare scores with friends on all Sporcle quizzes.
OR
Log In

Show Comments

Extras

Top Quizzes Today


Score Distribution

Your Account Isn't Verified!

In order to create a playlist on Sporcle, you need to verify the email address you used during registration. Go to your Sporcle Settings to finish the process.

Report this User

Report this user for behavior that violates our Community Guidelines.

Details: